Г. П. Федотов о концепции истории России в трудах В. О. Ключевского; Известия Томского политехнического университета [Известия ТПУ]; Т. 321, № 6 : Экономика. Философия, социология и культурология. История

Podrobná bibliografie
Parent link:Известия Томского политехнического университета [Известия ТПУ]/ Томский политехнический университет (ТПУ).— , 2000-
Т. 321, № 6 : Экономика. Философия, социология и культурология. История.— 2012.— [С. 250-254]
Hlavní autor: Гумерова Ж. А. Жанна Анатольевна
Shrnutí:Заглавие с титульного листа
Электронная версия печатной публикации
Показана интерпретация Г. П. Федотовым концепции русской истории В. О. Ключевского, раскрытие им актуальных и неактуальных элементов этого образа для русской исторической науки XX в. Сделан вывод о том, что Г. П. Федотов, признавая научные завоевания В. О. Ключевского, предлагает новое видение истории, новый образ истории России, являющиеся отражением историко-теоретических идей начала XX в.
Jazyk:ruština
Vydáno: 2012
Edice:История
Témata:
On-line přístup:http://earchive.tpu.ru/bitstream/11683/4611/1/bulletin_tpu-2012-321-6-52.pdf
Médium: Elektronický zdroj Kapitola
KOHA link:https://koha.lib.tpu.ru/cgi-bin/koha/opac-detail.pl?biblionumber=233697

MARC

LEADER 00000nla2a2200000 4500
001 233697
005 20231031203615.0
035 |a (RuTPU)RU\TPU\book\254778 
035 |a RU\TPU\book\254777 
090 |a 233697 
100 |a 20130311d2012 k y0rusy50 ca 
101 0 |a rus 
102 |a RU 
135 |a drnn ---uucaa 
181 0 |a i  
182 0 |a b 
200 1 |a Г. П. Федотов о концепции истории России в трудах В. О. Ключевского  |b Электронный ресурс  |f Ж. А. Гумерова 
203 |a Текст  |c электронный 
215 |a 1 файл (80 Кб) 
225 1 |a История 
230 |a Электронные текстовые данные (1 файл : 80 Кб) 
300 |a Заглавие с титульного листа 
300 |a Электронная версия печатной публикации 
320 |a [Библиогр.: с. 254 (17 назв.)] 
330 |a Показана интерпретация Г. П. Федотовым концепции русской истории В. О. Ключевского, раскрытие им актуальных и неактуальных элементов этого образа для русской исторической науки XX в. Сделан вывод о том, что Г. П. Федотов, признавая научные завоевания В. О. Ключевского, предлагает новое видение истории, новый образ истории России, являющиеся отражением историко-теоретических идей начала XX в. 
337 |a Adobe Reader 
461 1 |0 (RuTPU)RU\TPU\book\176237  |t Известия Томского политехнического университета [Известия ТПУ]  |f Томский политехнический университет (ТПУ)  |d 2000- 
463 1 |0 (RuTPU)RU\TPU\book\254614  |x 1684-8519  |t Т. 321, № 6 : Экономика. Философия, социология и культурология. История  |v [С. 250-254]  |d 2012  |p 264 с. 
610 1 |a русская историография 
610 1 |a 19 век 
610 1 |a концепции 
610 1 |a русская история 
610 1 |a духовная культура 
610 1 |a электронный ресурс 
700 1 |a Гумерова  |b Ж. А.  |g Жанна Анатольевна 
801 1 |a RU  |b 63413507  |c 20090623  |g PSBO 
801 2 |a RU  |b 63413507  |c 20220124  |g PSBO 
856 4 |u http://earchive.tpu.ru/bitstream/11683/4611/1/bulletin_tpu-2012-321-6-52.pdf 
942 |c CF